Airborne care of the ill and injured /

Uložené v:
Podrobná bibliografia
Hlavný autor: McNeil, Edward L. (Author)
Médium: Kniha
Jazyk:English
Vydané: Heidelberg New York Berlin : Springer Verlag, 1983.
Vydanie:1st ed.
ISBN: (brož.)
Fyzický popis: 208 s.
Tagy: Pridať tag
Žiadne tagy, Buďte prvý kto otaguje tento záznam!

MARC

LEADER 00000nam a22000004a 4500
001 000410084
005 20121113211210.0
008 121113s1983 xxu e 000 0 eng d
020 |a (brož.)  |c Kčs 560,00 
040 |a SVKKK  |b slo  |c SVKKK  |e AACR2 
041 0 |a eng 
044 |a gw  |c DE  |a xxu  |c US 
100 1 |a McNeil, Edward L.  |4 aut 
245 1 0 |a Airborne care of the ill and injured /  |c L. Edward McNeil. 
250 |a 1st ed. 
260 |a Heidelberg  |a New York  |a Berlin :  |b Springer Verlag,  |c 1983. 
300 |a 208 s. 
910 |a svkkk 
998 |a BK 
090 |g SCKHL  |k Sklad Pribinova 2. posch.  |a II.291506  |j 706017  |i B272309  |s Absenčne